LEADER 01168nam--2200337---450- 001 990002133970203316 005 20041103112429.0 035 $a000213397 035 $aUSA01000213397 035 $a(ALEPH)000213397USA01 035 $a000213397 100 $a20041103d1972----km-y0itay0103----ba 101 0 $aita 102 $aIT 105 $a||||||||001yy 200 1 $a<> conti economici regionali 1963-1970$ecalcolo di alcuni principali aggregati, reddito a prezzi correnti ed a prezzi costanti, consumi, investimenti$fUnione Italiana delle Camere di Commercio Industria Artigianato, Agricoltura 210 $aMilano$cF. Angeli$d1972 215 $a359 p.$d22 cm 225 2 $aStudi e ricerche$v1 410 0$12001$aStudi e ricerche$v1 454 1$12001 461 1$1001-------$12001 710 02$aUnione italiana delle camere di commercio industria artigianato e agricoltura$0308611 801 0$aIT$bsalbc$gISBD 912 $a990002133970203316 951 $aCollez. FR 1$b11459 G.$cCollez. FR 959 $aBK 969 $aGIU 979 $aSIAV6$b10$c20041103$lUSA01$h1124 996 $aConti economici regionali 1963-1970$9860947 997 $aUNISA